ბათუმის შოთა რუსთაველის სახელმწიფო უნივერსიტეტის ბიბლიოთეკა

დუბლინელები : (ბიბ.ჩანაწერი № 56038)

000 -ლიდერი
ფიქსირებული სიგრძის საკონტროლო ველი 01119nam a2200241Ia 4500
001 - საკონტროლო ნომერი
საკონტროლო ველი 23138
003 - საკონტროლო ნომრის იდენტიფიკატორი
საკონტროლო ველი GE_BSU
005 - ბოლო ოპერაციის თარიღი და დრო
საკონტროლო ველი 20230716143312.0
008 - ფიქსირებული სიგრძის მონაცემთა ელემენტები - ზოგადი ინფორმაცია
ფიქსირებული სიგრძის საკონტროლო ველი 181216s1970||||ge |||||||||||||| ||geo||
040 ## - კატალოგიზაციის წყარო
Transcribing agency GE_BSU
041 ## - ენის კოდი
Language code of text/sound track or separate title geo
080 ## - უნივერსალური ათობითი კლასიფიკაციის ინდექსი
Universal Decimal Classification number 821.111(417)-32 ჯ-66
100 ## - მთავარი ჩანაწერი - პიროვნების სახელი
Personal name ჯოისი, ჯეიმზ
9 (RLIN) 1371
245 ## - ცნობა სათაურის შესახებ
Title დუბლინელები :
Remainder of title მოთხრობები /
Statement of responsibility, etc ჯეიმზ ჯოისი ; ინგლ. თარგმნეს ლ. იმერლიშვილმა და მ. შატბერაშვილმა ; ბოლოსიტყვ. ნ. ყიასაშვილისა.
264 ## - წარმოების, გამოცემის, დისტრიბუციის და სხვა ცნობები
გამოცემის, წარმოების, დისტრიბუციის... ადგილი თბილისი :
გამოცემის, წარმოების, დისტრიბუციის... სახელწოდება საბჭ. საქართველო,
გამოცემის, წარმოების, დისტრიბუციის... თარიღი 1970.
300 ## - ფიზიკური აღწერა
Extent 298 გვ. ;
Dimensions 17 სმ.
653 ## - INDEX TERM--UNCONTROLLED
Uncontrolled term დუბლინელები
653 ## - INDEX TERM--UNCONTROLLED
Uncontrolled term მოთხრობები
700 ## - ADDED ENTRY--PERSONAL NAME
Personal name იმერლიშვილი, ი.
Relator term მთარგმნელი
9 (RLIN) 19357
700 ## - ADDED ENTRY--PERSONAL NAME
Personal name შატბერაშვილი, მ.
Relator term მთარგმნელი
9 (RLIN) 19358
942 ## - ADDED ENTRY ELEMENTS (KOHA)
Koha item type წიგნი
Source of classification or shelving scheme
ეგზემპლარები
ჩამოწერის სტატუსი დაკარგული ეგზემპლარის სტატუსი კლასიფიკაციის წყარო ან თაროზე გაწყობის სქემა დაზიანების სტატუსი არ გაიცემა მუდმივი მდებარეობა (დაცვის ადგილი) ამჟამინდელი ადგილსამყოფელი თაროზე განთავსების ადგილი შეძენის თარიღი ღირებულება, შესყიდვის ნორმალური ფასი სრული შენახვის შიფრი შტრიხკოდი ბოლო ოპერაციის თარიღი ეგზემპლარის მიმდევრობითი ნომერი (კეტერი?) ფასის ძალაში შესვლის თარიღი ეგზემპლარის სახეობა საჯარო შენიშვნა
          ბათუმის შოთა რუსთაველის სახელმწიფო უნივერსიტეტის მთავარი ბიბლიოთეკა ბათუმის შოთა რუსთაველის სახელმწიფო უნივერსიტეტის მთავარი ბიბლიოთეკა წიგნსაცავი 2018-12-17 1.42 821.111(417)-32 ჯ-66 58574 2018-12-17 58574 2018-12-17 წიგნი 1.42 ₾.